El pensamiento político de Togliatti : (Record no. 117006)

MARC details
000 -LEADER
campo de control de longitud fija 00796nam a2200193 4500
001 - NÚMERO DE CONTROL
campo de control 117006
003 - IDENTIFICADOR DE NÚMERO DE CONTROL
campo de control ES-MaACL
005 - FECHA Y HORA DE LA ÚLTIMA TRANSACCIÓN
campo de control 20230906190817.0
007 - CAMPO FIJO DE DESCRIPCIÓN FÍSICA--INFORMACIÓN GENERAL
campo de control de longitud fija t|
008 - DATOS DE LONGITUD FIJA--INFORMACIÓN GENERAL
campo de control de longitud fija 071121s1986 sp r ||||1| spa d
020 ## - NÚMERO INTERNACIONAL ESTÁNDAR DEL LIBRO
Número Internacional Estándar del Libro 84-398-6601-1
245 03 - MENCIÓN DEL TÍTULO
Título El pensamiento político de Togliatti :
Resto del título ponencias del coloquio... organizado por la FIM y celebrado en el Instituto de Ciencias Jurídicas del CSIC, los días 28, 29 y 30 de noviembre de 1984 /
Mención de responsabilidad, etc. Juan Trías Vejarano ... [et.al.].
260 ## - PUBLICACIÓN, DISTRIBUCIÓN, ETC.
Lugar de publicación, distribución, etc. Madrid :
Nombre del editor, distribuidor, etc. Fundación de Investigaciones Marxistas,
Fecha de publicación, distribución, etc. 1986.
300 ## - DESCRIPCIÓN FÍSICA
Extensión 150 p. ;
Dimensiones 20 cm.
600 14 - PUNTO DE ACCESO ADICIONAL DE MATERIA--NOMBRE DE PERSONA
Nombre de persona Togliatti, Palmiro-
Subdivisión general Pensamiento político.
9 (RLIN) 110421
700 1# - ENTRADA AGREGADA--NOMBRE PERSONAL
Nombre de persona Trías Vejarano, Juan.
9 (RLIN) 111384
710 2# - ENTRADA AGREGADA--NOMBRE DE ENTIDAD CORPORATIVA
Nombre de entidad corporativa o nombre de jurisdicción como elemento de entrada Fundación de Investigaciones Marxistas.
9 (RLIN) 4272
852 ## - LOCALIZACIÓN
Ubicación ES-MaACL
Número de control de estantería 2140-F-9
Holdings
Estatus retirado Estado de pérdida Estado de daño No para préstamo Colección Biblioteca de origen Biblioteca actual Ubicación en estantería Fecha de adquisición Fuente de adquisición Total de préstamos Signatura topográfica completa Código de barras Visto por última vez Precio de reemplazo Tipo de ítem Koha
        Colección de folletos Biblioteca del Ateneo de Madrid Biblioteca del Ateneo de Madrid Depósito folletos 17/01/2008     2140-F-9 1121995 23/02/2023 23/02/2023 Folleto